[Event "HUN-chT2 Breyer 1819"]
[Site "Hungary"]
[Date "2019.02.24"]
[Round "6.10"]
[White "Makay, Andor"]
[Black "Acs, Bendeguz"]
[Result "1/2-1/2"]
[WhiteElo "1639"]
[BlackElo "1698"]
[PlyCount "107"]
[EventDate "2018.10.28"]
[EventType "team-tourn"]
[EventRounds "9"]
[EventCountry "HUN"]
[SourceTitle "CBM 189 Extra"]
[Source "ChessBase"]
[SourceDate "2019.06.03"]
[SourceVersion "1"]
[SourceVersionDate "2019.06.03"]
[SourceQuality "1"]
[WhiteTeam "Vizugy"]
[BlackTeam "Zsambek"]
[WhiteTeamCountry "HUN"]
[BlackTeamCountry "HUN"]

1. d4 d5 2. c4 e6 3. Nc3 Nf6 4. g3 Be7 5. Bg2 0-0 6. Qd3 Nc6 7. cxd5 Nb4 8. Qd2 exd5 9. a3 Na6 10. b4 c6 11. Nf3 Nc7 12. 0-0 Ne4 13. Nxe4 dxe4 14. Ng5 f5 15. Qa2+ Nd5 16. Nh3 Be6 17. Qb2 Bf6 18. Bd2 Nb6 19. e3 Nc4 20. Qc1 Nxd2 21. Qxd2 a5 22. Nf4 Bf7 23. Rac1 Be7 24. Qc3 axb4 25. axb4 Qb6 26. Rb1 Ra4 27. Qc2 Rxb4 28. Rxb4 Bxb4 29. Rb1 Ra8 30. Qb2 Ra4 31. h3 Qa5 32. Bf1 b5 33. Qc2 Bc3 34. d5 Ra2 35. Qb3 Ra3 36. Qd1 g5 37. Ne6 Ra2 38. Nxg5 Bxd5 39. Qh5 Qc7 40. Qe8+ Kg7 41. Ne6+ Bxe6 42. Qxe6 Ra7 43. Qxf5 Qe5 44. Qg4+ Kf6 45. Qh4+ Ke6 46. Rd1 Qf5 47. Qd8 Kf7 48. Qb8 Re7 49. Qd6 Qe6 50. Qc5 Be5 51. Rc1 Rc7 52. Kg2 Kf6 53. Bxb5 cxb5 54. Qf8+ 1/2-1/2

[Event "HUN-chT2 Breyer 1617"]
[Site "Hungary"]
[Date "2017.03.12"]
[Round "8.11"]
[White "Wagner, Ildiko Reka"]
[Black "Acs, Bendeguz"]
[Result "1/2-1/2"]
[WhiteElo "1454"]
[BlackElo "1719"]
[PlyCount "41"]
[EventDate "2016.10.30"]
[EventType "team-tourn"]
[EventRounds "9"]
[EventCountry "HUN"]
[SourceTitle "EXT 2021"]
[Source "ChessBase"]
[SourceDate "2020.10.23"]
[SourceVersion "1"]
[SourceVersionDate "2020.10.23"]
[SourceQuality "1"]
[WhiteTeam "Vizugy"]
[BlackTeam "Zsambek"]
[WhiteTeamCountry "HUN"]
[BlackTeamCountry "HUN"]

1. e4 c5 2. Nf3 d6 3. Nc3 Nf6 4. Bc4 Nc6 5. 0-0 g6 6. d4 cxd4 7. Nxd4 Bg7 8. Nf3 0-0 9. h3 Bd7 10. Bf4 Rc8 11. Qd2 a6 12. Rfe1 Na5 13. Bb3 Nh5 14. Bh6 Bxc3 15. bxc3 Re8 16. Ng5 Nc4 17. Qd5 e6 18. Qxb7 a5 19. Qa6 Rc6 20. Qa7 Qc7 21. Qxc7 1/2-1/2

[Event "HUN-chT2 Breyer 1415"]
[Site "Hungary"]
[Date "2014.09.21"]
[Round "?"]
[White "Acs, Bendeguz"]
[Black "Varga, Zoltan"]
[Result "1-0"]
[WhiteElo "1672"]
[BlackElo "2459"]
[PlyCount "127"]
[EventDate "2014.09.07"]
[EventType "team-tourn"]
[EventRounds "11"]
[EventCountry "HUN"]
[SourceTitle "EXT 2016"]
[Source "ChessBase"]
[SourceDate "2015.10.08"]
[SourceVersion "1"]
[SourceVersionDate "2015.10.08"]
[SourceQuality "1"]
[WhiteTeam "Zsambek"]
[BlackTeam "Turul"]
[WhiteTeamCountry "HUN"]
[BlackTeamCountry "HUN"]

1. d4 d5 2. c4 c6 3. Nc3 Nf6 4. Nf3 e6 5. e3 Bb4 6. Bd3 Bxc3+ 7. bxc3 Nbd7 8. 0-0 0-0 9. Re1 c5 10. Ba3 b6 11. cxd5 Nxd5 12. Qc2 N5f6 13. Rab1 Re8 14. Bb5 a6 15. Bc6 Ra7 16. dxc5 bxc5 17. Qa4 Re7 18. Red1 Nd5 19. Bxd5 exd5 20. Rxd5 Bb7 21. Rd2 Qc7 22. Rbd1 Bc6 23. Qg4 Nf6 24. Qf5 Ne4 25. Rd8+ Be8 26. Qc8 Qxc8 27. Rxc8 Rac7 28. Rdd8 Rxc8 29. Rxc8 h6 30. Bxc5 Nxc5 31. Rxc5 Re6 32. Nd4 Rb6 33. h4 Rb1+ 34. Kh2 Rb2 35. Ra5 Bb5 36. Nxb5 axb5 37. Kg3 Rc2 38. Rxb5 Rxa2 39. Rd5 Kf8 40. f4 Rc2 41. Rd3 Ke7 42. Kf3 Ke6 43. g4 Rh2 44. h5 Rc2 45. e4 f6 46. Re3 Kd6 47. Rd3+ Ke6 48. Ke3 Rg2 49. f5+ Ke7 50. c4 Rxg4 51. c5 Rg5 52. c6 Rg3+ 53. Kd4 Rxd3+ 54. Kxd3 Kd6 55. Kd4 Kxc6 56. e5 Kd7 57. e6+ Kd6 58. Kc4 Kc6 59. Kb4 Kd6 60. Kb5 Ke7 61. Kc6 Kd8 62. Kd6 Ke8 63. e7 Kf7 64. Kd7 1-0

[Event "HUN-chT2 Breyer 1213"]
[Site "Hungary"]
[Date "2013.04.21"]
[Round "11.9"]
[White "Acs, Bendeguz"]
[Black "Balogh, Peter"]
[Result "0-1"]
[WhiteElo "1610"]
[BlackElo "2002"]
[PlyCount "88"]
[EventDate "2012.09.16"]
[EventType "team-tourn"]
[EventRounds "11"]
[EventCountry "HUN"]
[SourceTitle "EXT 2014"]
[Source "ChessBase"]
[SourceDate "2013.11.20"]
[SourceVersion "1"]
[SourceVersionDate "2013.11.20"]
[SourceQuality "1"]
[WhiteTeam "Zsambek"]
[BlackTeam "Kisber Aszar"]
[WhiteTeamCountry "HUN"]
[BlackTeamCountry "HUN"]

1. d4 Nf6 2. Bf4 e6 3. e3 c5 4. c3 Nc6 5. Nf3 d5 6. Nbd2 Bd6 7. Bb5 0-0 8. Bxd6 Qxd6 9. Bxc6 bxc6 10. 0-0 Nd7 11. Qc2 e5 12. dxe5 Nxe5 13. Nxe5 Qxe5 14. Nf3 Qh5 15. h3 Bxh3 16. gxh3 Qxf3 17. Kh2 f5 18. Qd1 Qe4 19. Rg1 Rf6 20. Qh5 Raf8 21. Qg5 Rg6 22. Qf4 Qxf4+ 23. exf4 Re8 24. Rxg6 hxg6 25. Kg3 Re2 26. Rb1 Rc2 27. Kf3 d4 28. cxd4 cxd4 29. a4 c5 30. h4 a5 31. b3 Kf7 32. Kg2 Ke6 33. Re1+ Kd6 34. Re8 Rb2 35. Rb8 Kc6 36. Rc8+ Kd5 37. Rb8 Ke4 38. Rb5 d3 39. Rxc5 d2 40. Re5+ Kd3 41. Rd5+ Kc2 42. Rc5+ Kb1 43. Rd5 Kc1 44. Rc5+ Rc2 0-1

[Event "HUN-chT2 Breyer 1213"]
[Site "Hungary"]
[Date "2012.12.02"]
[Round "5.12"]
[White "Acs, Bendeguz"]
[Black "Szucs, Edina"]
[Result "1-0"]
[WhiteElo "1610"]
[BlackElo "1439"]
[PlyCount "101"]
[EventDate "2012.09.16"]
[EventType "team-tourn"]
[EventRounds "11"]
[EventCountry "HUN"]
[SourceTitle "EXT 2014"]
[Source "ChessBase"]
[SourceDate "2013.11.20"]
[SourceVersion "1"]
[SourceVersionDate "2013.11.20"]
[SourceQuality "1"]
[WhiteTeam "Zsambek"]
[BlackTeam "MAV Elore"]
[WhiteTeamCountry "HUN"]
[BlackTeamCountry "HUN"]

1. d4 d5 2. Bf4 Nf6 3. e3 e6 4. Nf3 Bd6 5. Bg3 b6 6. Nbd2 0-0 7. Bd3 Bb7 8. c3 c5 9. Qe2 cxd4 10. exd4 Nc6 11. 0-0 Rc8 12. Ba6 Bxa6 13. Qxa6 Bxg3 14. hxg3 Qc7 15. Rac1 Ne4 16. Nxe4 dxe4 17. Ng5 e3 18. f4 h6 19. Nf3 f6 20. Qe2 e5 21. Qxe3 Rfe8 22. dxe5 fxe5 23. Rfe1 exf4 24. Qxf4 Qxf4 25. gxf4 Rf8 26. g3 g5 27. Re4 Rc7 28. Nd4 Nxd4 29. Rxd4 gxf4 30. Rxf4 Rxf4 31. gxf4 Rg7+ 32. Kf2 Kf7 33. Rh1 Rg6 34. Kf3 Kg7 35. Rd1 a6 36. a4 Rf6 37. Rd5 Rg6 38. c4 Rc6 39. b3 Kf7 40. f5 h5 41. Kg3 Rh6 42. Kh4 Kg7 43. Kg5 h4 44. Rd7+ Kf8 45. Kxh6 h3 46. Rd2 Kf7 47. Kg5 a5 48. Rh2 b5 49. axb5 Kg7 50. Rxh3 Kf7 51. Rh7+ 1-0